| 000 | 00791nam a2200205 i 4500 | ||
|---|---|---|---|
| 001 | 124937 | ||
| 003 | ES-MaACL | ||
| 005 | 20250806013357.0 | ||
| 007 | t| | ||
| 008 | 070424s1933 sp ||||1| spa d | ||
| 100 | 1 |
_aOller Martínez, Antonio. _986917 |
|
| 245 | 1 | 0 |
_aUna visita a las principales clínicas del trabajo de Austria y Alemania / _cpor A. Oller. |
| 260 |
_aMadrid : _b[s.n.], _c1933 ( _fImprenta y Encuadernación de los Sobrinos de la Sucesora de M. Minuesa de los Ríos) |
||
| 300 |
_a10 p. ; _c20 cm. |
||
| 490 | 1 |
_aPublicaciones del Instituto Nacional de Previsión ; _v393 |
|
| 650 | 0 | 7 |
_aMedicina del trabajo _2embne _914922 |
| 830 | 0 |
_aPublicaciones del Instituto Nacional de Previsión ; _v393 _9181151 |
|
| 852 |
_aES-MaACL _jC-12661(7) |
||
| 999 |
_c124937 _d124937 |
||